000 00656nam a22002057a 4500
005 20251108163346.0
008 250721s2007 xx 000 0 ara d
082 1 4 _a327.94056/علي
100 1 _aعلي، قحطان لطفي
_eمؤلف
245 1 0 _aالقارة الأسترالية بعيون دبلوماسي عراقي /
264 1 _aعمان :
_bدار ورد الأردنية،
_c2007.
300 _a191 ص.
650 1 7 _aاستراليا
650 1 7 _aالعراق
650 1 7 _aالقضيه الفلسطينيه
650 1 7 _aالعلاقات الدوليه
650 1 7 _aالبلدان العربيه
942 _2ddc
_cBK
999 _c695
_d695